[Event "FRA-chT2 1011"]
[Site "France"]
[Date "2010.10.17"]
[Round "1.7"]
[White "Bilenj, Zoran"]
[Black "Lingelser, Alain"]
[Result "1-0"]
[WhiteElo "1916"]
[BlackElo "1920"]
[PlyCount "99"]
[EventDate "2010.10.17"]
[EventType "team-tourn"]
[EventRounds "11"]
[EventCountry "FRA"]
[SourceTitle "EXT 2012"]
[Source "ChessBase"]
[SourceDate "2011.11.24"]
[SourceVersion "1"]
[SourceVersionDate "2011.11.24"]
[SourceQuality "1"]

1. d4 e6 2. c4 Nf6 3. Nc3 d5 4. Bf4 c6 5. e3 Nbd7 6. Nf3 Bb4 7. Qb3 Qa5 8. Nd2 0-0 9. Bd3 Re8 10. 0-0 Bf8 11. Nf3 dxc4 12. Bxc4 b6 13. e4 Ba6 14. Bd2 Bxc4 15. Qxc4 Rac8 16. e5 Ng4 17. h3 Nh6 18. Bxh6 gxh6 19. Rfe1 b5 20. Qd3 Red8 21. Ne4 Qc7 22. Nf6+ Nxf6 23. exf6 Qf4 24. Re4 Qxf6 25. Ne5 Bg7 26. Qe3 Rd5 27. Rf4 Rxe5 28. dxe5 Qxe5 29. Re4 Qxb2 30. Rd1 Qxa2 31. Rd2 Qa1+ 32. Kh2 Qf6 33. Qxa7 Rd8 34. Rd7 h5 35. Qc7 Rxd7 36. Qxd7 Qc3 37. Qe8+ Bf8 38. Rf4 Qg7 39. Rf3 h4 40. g3 h5 41. gxh4 c5 42. Rg3 b4 43. Rxg7+ Kxg7 44. Qb5 Kf6 45. Qe2 Ke7 46. Qxh5 f5 47. Qe2 Kd6 48. f4 Bg7 49. Qa6+ Ke7 50. Qa7+ 1-0

[Event "Besancon op"]
[Site "Besancon"]
[Date "2008.12.28"]
[Round "3"]
[White "Naudier, Serge"]
[Black "Bilenj, Zoran"]
[Result "1-0"]
[WhiteElo "2234"]
[BlackElo "1975"]
[PlyCount "65"]
[EventDate "2008.12.26"]
[EventType "swiss"]
[EventRounds "7"]
[EventCountry "FRA"]
[SourceTitle "CBM 128 Extra"]
[Source "ChessBase"]
[SourceDate "2009.03.05"]
[SourceVersion "2"]
[SourceVersionDate "2009.03.25"]
[SourceQuality "1"]

1. e4 c5 2. Nf3 g6 3. d4 cxd4 4. Nxd4 Nc6 5. Nc3 Bg7 6. Be3 Nf6 7. Bc4 Qa5 8. 0-0 0-0 9. Bb3 d6 10. Nd5 Nxd5 11. exd5 Nxd4 12. Bxd4 Bxd4 13. Qxd4 Qc5 14. Qxc5 dxc5 15. Rfe1 Re8 16. Ba4 Rd8 17. Rxe7 Rxd5 18. Bb3 Rf5 19. Re8+ Kg7 20. Rd1 b5 21. Bd5 Bb7 22. Rxa8 Bxd5 23. Rxa7 Rg5 24. h4 Re5 25. f4 Rf5 26. g4 Bf3 27. gxf5 Bxd1 28. Rc7 c4 29. Rc5 Bxc2 30. Rxb5 gxf5 31. Rc5 Bd3 32. a4 Kg6 33. Kf2 1-0